| 000 | 00623nam a2200229Ia 4500 | ||
|---|---|---|---|
| 003 | OSt | ||
| 005 | 20220926012041.0 | ||
| 006 | a|||||r|||| 00| 0 | ||
| 007 | ta | ||
| 008 | 220923b |||||||| |||| 00| 0 eng d | ||
| 037 | _cGeneral Book | ||
| 040 |
_aRTL _cRTL _beng |
||
| 041 |
_2eng _aeng |
||
| 082 | _aXxM62, C3 | ||
| 100 |
_aCommons John R _9122029 |
||
| 245 | 0 | _aDistribution of wealth | |
| 260 |
_aNew York _bAugustus M Kelley _c1803 |
||
| 300 |
_axiv;x,258p _ccm. |
||
| 490 | _aReprints of Economic Classics | ||
| 942 |
_hXxM62, C3 _cGB _2CC |
||
| 999 |
_c621608 _d621608 |
||